| 000 | 00495nam a2200169Ia 4500 | ||
|---|---|---|---|
| 001 | 71039 | ||
| 008 | 160226s9999 xx 000 0 und d | ||
| 020 | _a9789602671405 | ||
| 040 | _cPK-LaUMT | ||
| 082 |
_a 282.08093923 _bPAC-R |
||
| 100 | _aPachis, Panayotis | ||
| 245 |
_aReligion and politics in the Graeco-Roman world _bredescribing the Isis-sarapis cult _cPachis, Panayotis |
||
| 260 |
_aThessaloniki: _bBarbounakis Publications, _c2010 |
||
| 300 | _a396 p. | ||
| 546 | _aEN | ||
| 942 | _cBK | ||
| 999 |
_c83442 _d83442 |
||